000 00278nam a22001217a 4500
008 181022b xxu||||| |||| 00| 0 eng d
041 _aeng
080 _a610.73
100 _a2
101 _aINF
245 _aPsychiatric Mental Health Nursing
_cTownsend, M.C
942 _2udc
_cBK
999 _c50533
_d50533